00976cam a2200205 a 4500020001800000020001500018040000800033082002600041245006900067260007700136300004800213500018200261650003200443650003100475650002900506710006100535942000700596999001700603952015000620 a9789251071342 a9251071349 cUAT a630 FOO 2012 A052 Or.00aConservation and sustainable use under the International Treaty. aRome :bFood and Agricultural Organization of the United Nations,c2012. axi, 154 p. :bcol. ill., col. map ;c30 cm. a"This is the second educational module in a series of training materials for the implementation of the International Treaty on Plant Genetic Resources for Food and Agriculture." 0aGermplasm resources, Plant. 0aAgricultural conservation. 0aSustainable agriculture.2 aFood and Agriculture Organization of the United Nations. cEK c14744d14744 0010406630_000000000000000_FOO_2012_A052_OR70967270aLBAbLBAcA052d2017-10-25o630 FOO 2012 A052 Or.pRUA060427r2017-10-25w2017-10-25yEK